| 000 | 00703nam a2200157 a 4500 | ||
|---|---|---|---|
| 008 | 120319s2010 ||||||||||||||||| || u | ||
| 050 | _aACCORD(058)R/2010 | ||
| 110 | _aAfrican Centre for the Constructive Resolution of Disputes (ACCORD) | ||
| 245 | 1 | 0 | _aResolution 1325 in 2020: looking forward, looking back |
| 260 |
_aAddis Ababa _bThe African Centre for the Constructive Resolution of Disputes (ACCORD) _c2010 |
||
| 300 | _a67p. | ||
| 350 | _a0.00 | ||
| 650 | _aMEDIATION, INTERNATIONAL | ||
| 650 | _aCONFLICT MANAGEMENT--AFRICA | ||
| 995 |
_D0.00 _FCBU-MAIN LIBRARY (Kitwe) _H1 _I0.00 _M1 _UAVAILABLE _WMar 19, 2012 _ZInternational Publications |
||
| 999 |
_c56356 _d56356 |
||